Оперативная директива № 00156/оп штаба 4-го Украинского фронта от командующему 38-й армией об уничтожении группировки противника...

RUSMARC
00005383cbm0a2200337#x 450
0010fbf19ba-7c13-4fe3-a217-fdcbd292a3e0
00520250429164108.0
100##$a20250429j19450506k###0rusy50 ca
1010#$arus
102##$aRU
1220#$ad19450506##
2001#$aОперативная директива № 00156/оп штаба 4-го Украинского фронта от командующему 38-й армией об уничтожении группировки противника восточнее г. Оломоуц
$j6 мая 1945 г.
251##$cДокумент
300##$aПодлинник
461#0$12001
$aФ. 244
$1251
$cФонд
$1852
$j244
462#0$12001
$aОп. 3000
$1251
$cОпись
$1852
$j3000
462#0$12001
$aД. 1152
$vЛ. 41-42
$1251
$cДело
$1852
$j1152
60102$2prlib_sh
$3LIBNET\UAF\0000057822
$aУкраинский фронт
$c4; 1943 - 1945
$jДокументы и материалы
605##$2prlib_sh
$3LIBNET\UAF\0000088514
$aВторая мировая война в архивных документах (Комплекс оцифрованных архивных документов, кино- и фотоматериалов)
$lколлекция
605##$2acquisition_Prlib
$3DITM\AF\0000002775
$aВласть
$lколлекция
605##$2acquisition_Prlib
$3DITM\AF\0000003834
$aНарод
$lколлекция
6061#$2nlr_sh
$3RU\NLR\AUTH\661520861
$aВеликая Отечественная война
$z1941 - 1945
$zТретий период
$z1944 – 1945
$jДокументы и материалы
6061#$2nlr_sh
$3RU\NLR\AUTH\661562894
$aМоравска-Остравская операция
$z1945
$jДокументы и материалы
617##$aЧехословакия
$f1945
$2prlib_sh
686##$a63.3(2)622,13ю1
$2rubbk
$vLBC/M
686##$a63.3(4Чея)62ю1
$2rubbk
$vLBC/M
801#0$aRU
$bПБ им. Б.Н. Ельцина
$c20250429
801#1$aRU
$bПБ им. Б.Н. Ельцина
$c20250429
$2rusmarc
801#2$aRU
$bПБ им. Б.Н. Ельцина
$c20250429
$2rusmarc
850##$aЦентральный архив Министерства обороны Российской Федерации
852##$aЦА МО РФ
$jЛ. 41-42
035##$aLIBNET\0001470679
937##$d196711334
$hФедеральное архивное агентство
8564#$uhttp://readingroom.main.prlib.ru/item.aspx?id_node=n196711334&mode=full
Формат отображения